000 00746nam a2200253Ia 4500
003 OSt
005 20220928113718.0
006 a|||||r|||| 00| 0
007 ta
008 220927b |||||||| |||| 00| 0 eng d
024 _a65468
037 _cTextual
040 _aSDCL
_cSDCL
_beng
041 _2eng
_aeng
082 _aP141:3, P0
100 _aMotapanyane Virginia Ed.
_9434645
245 0 _aComparative studies in Romanian syntax
260 _aAmsterdam
_bElsevier Science Ltd
_c1990
300 _avii,341p,Bib.p315-327
_ccm.
490 _aNorth-Holland linguistic series; 58
650 _aRomanian language syntax
_9434646
942 _hP141:3, P0
_cTEXL
_2CC
999 _c750947
_d750947